ბათუმის შოთა რუსთაველის სახელმწიფო უნივერსიტეტის ბიბლიოთეკა

Eastern European Journal of Transnational Relations. Vol. 1. No. 1 (ბიბ.ჩანაწერი № 56298)

000 -LEADER
fixed length control field 00526nam a2200181Ia 4500
001 - CONTROL NUMBER
control field 23411
003 - CONTROL NUMBER IDENTIFIER
control field GE_BSU
008 - FIXED-LENGTH DATA ELEMENTS--GENERAL INFORMATION
fixed length control field 181216s||||||||xx |||||||||||||| ||und||
040 ## - CATALOGING SOURCE
Transcribing agency GE_BSU
245 ## - TITLE STATEMENT
Title Eastern European Journal of Transnational Relations. Vol. 1. No. 1
245 ## - TITLE STATEMENT
Statement of responsibility, etc. Editor in chief: Maciej Perkowski. Editor Izabela Krasnicka
260 ## - PUBLICATION, DISTRIBUTION, ETC.
Place of publication, distribution, etc. Bialystok
260 ## - PUBLICATION, DISTRIBUTION, ETC.
Date of publication, distribution, etc. 2017
300 ## - PHYSICAL DESCRIPTION
Extent 74 p. 24 cm.
653 ## - INDEX TERM--UNCONTROLLED
Uncontrolled term Eastern European Journal of Transnational Relations. Vol. 1. No. 1
653 ## - INDEX TERM--UNCONTROLLED
Uncontrolled term Law.
942 ## - ADDED ENTRY ELEMENTS (KOHA)
Koha item type პერიოდიკა
ეგზემპლარები
Withdrawn status Lost status Damaged status Not for loan Date acquired Barcode Date last seen Price effective from Koha item type Public note
        2018-12-17 p 79649 2018-12-17 2018-12-17 პერიოდიკა პერიოდიკა